[Event "V4Liptov2018"]
[Site "?"]
[Date "2018.06.24"]
[Round "3.10"]
[White "Vantuch, Lucian"]
[Black "Holly, Andrej"]
[Result "1-0"]
[BlackElo "1924"]
[WhiteElo "1956"]
[LiveChessVersion "1.4.8"]

1. e4 {[%clk 1:00:58]} c5 {[%clk 1:00:53]} 2. Nf3 {[%clk 1:01:22]} Nc6
{[%clk 1:01:13]} 3. d4 {[%clk 1:01:48]} cxd4 {[%clk 1:01:17]} 4. Nxd4
{[%clk 1:02:13]} g6 {[%clk 1:01:44]} 5. Nc3 {[%clk 1:01:55]} Bg7 {[%clk 1:02:08]}
6. Be3 {[%clk 1:02:10]} Nf6 {[%clk 1:02:35]} 7. Bc4 {[%clk 1:02:19]} O-O
{[%clk 1:03:00]} 8. Bb3 {[%clk 1:02:40]} d6 {[%clk 1:03:25]} 9. f3
{[%clk 1:03:02]} Bd7 {[%clk 1:02:51]} 10. Qd2 {[%clk 1:03:17]} Na5
{[%clk 1:01:25]} 11. h4 {[%clk 1:01:44]} Nxb3 {[%clk 1:00:35]} 12. Nxb3
{[%clk 0:57:28]} b5 {[%clk 0:54:22]} 13. Bh6 {[%clk 0:52:11]} Rc8
{[%clk 0:44:48]} 14. Bxg7 {[%clk 0:51:55]} Kxg7 {[%clk 0:45:16]} 15. h5
{[%clk 0:46:45]} Nxh5 {[%clk 0:31:18]} 16. g4 {[%clk 0:45:51]} Nf6
{[%clk 0:29:01]} 17. Qh6+ {[%clk 0:45:56]} Kg8 {[%clk 0:29:30]} 18. Nd5
{[%clk 0:46:18]} Re8 {[%clk 0:29:17]} 19. Nxf6+ {[%clk 0:46:34]} exf6
{[%clk 0:29:44]} 20. Qxh7+ {[%clk 0:46:48]} Kf8 {[%clk 0:30:13]} 21. O-O-O
{[%clk 0:45:55]} Qc7 {[%clk 0:29:47]} 22. Qh2 {[%clk 0:44:57]} Ke7
{[%clk 0:26:56]} 23. Nd4 {[%clk 0:38:20]} Rh8 {[%clk 0:24:01]} 24. Qf4
{[%clk 0:38:10]} Rxh1 {[%clk 0:23:54]} 25. Rxh1 {[%clk 0:38:34]} Qc5
{[%clk 0:21:21]} 26. Rd1 {[%clk 0:36:49]} Qg5 {[%clk 0:20:33]} 27. Qxg5
{[%clk 0:36:03]} fxg5 {[%clk 0:21:02]} 28. Re1 {[%clk 0:35:00]} Kf6
{[%clk 0:20:34]} 29. Kd2 {[%clk 0:32:35]} Ke5 {[%clk 0:18:56]} 30. Ke3
{[%clk 0:32:14]} Rh8 {[%clk 0:18:51]} 31. Rd1 {[%clk 0:30:36]} Rh2
{[%clk 0:15:58]} 32. Ne2 {[%clk 0:29:59]} Bc6 {[%clk 0:13:54]} 33. Rd3
{[%clk 0:21:33]} b4 {[%clk 0:09:53]} 34. a3 {[%clk 0:21:04]} Rh3 {[%clk 0:06:45]}
35. Kd2 {[%clk 0:20:19]} Rh2 {[%clk 0:04:53]} 36. axb4 {[%clk 0:20:37]} a6
{[%clk 0:03:58]} 37. c4 {[%clk 0:20:35]} Rf2 {[%clk 0:03:45]} 38. Ke3
{[%clk 0:19:17]} Rh2 {[%clk 0:03:48]} 39. Ra3 {[%clk 0:19:05]} Bb7
{[%clk 0:03:48]} 40. Ra5+ {[%clk 0:18:45]} Kf6 {[%clk 0:03:57]} 41. c5
{[%clk 0:16:46]} dxc5 {[%clk 0:03:59]} 42. bxc5 {[%clk 0:17:06]} Rh8
{[%clk 0:03:31]} 43. c6 {[%clk 0:17:11]} Bc8 {[%clk 0:03:47]} 44. Nd4
{[%clk 0:12:47]} Rd8 {[%clk 0:03:58]} 45. Rc5 {[%clk 0:11:32]} Ke7
{[%clk 0:03:56]} 46. e5 {[%clk 0:11:14]} Be6 {[%clk 0:02:41]} 47. c7
{[%clk 0:10:08]} Rc8 {[%clk 0:03:00]} 48. Nc6+ {[%clk 0:10:31]} Kd7
{[%clk 0:03:14]} 49. Nb8+ {[%clk 0:10:56]} Ke7 {[%clk 0:03:06]} 50. Nxa6
{[%clk 0:10:55]} Ra8 {[%clk 0:03:23]} 51. Nb8 {[%clk 0:11:13]} Bc8
{[%clk 0:03:41]} 52. b4 {[%clk 0:10:57]} Ra3+ {[%clk 0:04:08]} 53. Ke4
{[%clk 0:08:58]} Bb7+ {[%clk 0:03:59]} 54. Kd4 {[%clk 0:08:37]} Rxf3
{[%clk 0:03:54]} 55. c8=Q {[%clk 0:08:38]} Bxc8 {[%clk 0:04:23]} 56. Rxc8
{[%clk 0:08:57]} Rf4+ {[%clk 0:04:48]} 57. Kd5 {[%clk 0:08:58]} Rxg4
{[%clk 0:05:02]} 58. Rc7+ {[%clk 0:08:45]} Kf8 {[%clk 0:04:39]} 59. Nc6
{[%clk 0:08:39]} Rg1 {[%clk 0:04:57]} 60. b5 {[%clk 0:08:10]} Rb1
{[%clk 0:05:19]} 61. Nd4 {[%clk 0:08:00]} g4 {[%clk 0:05:16]} 62. Rc3
{[%clk 0:08:11]} Kg7 {[%clk 0:05:19]} 63. Kc6 {[%clk 0:08:14]} f5
{[%clk 0:05:40]} 64. exf6+ {[%clk 0:08:17]} Kxf6 {[%clk 0:06:04]} 65. b6
{[%clk 0:08:42]} Ke5 {[%clk 0:05:57]} 66. Ne2 {[%clk 0:08:51]} 1-0

[Event "V4Liptov2018"]
[Site "?"]
[Date "2018.06.24"]
[Round "3.11"]
[White "Sivcak, Matej"]
[Black "Frank, Adam"]
[Result "1/2-1/2"]
[BlackElo "1993"]
[WhiteElo "1879"]
[LiveChessVersion "1.4.8"]

1. g3 {[%clk 1:00:55]} f5 {[%clk 1:00:56]} 2. Bg2 {[%clk 1:01:18]} Nf6
{[%clk 1:01:22]} 3. Nf3 {[%clk 1:01:29]} g6 {[%clk 1:01:48]} 4. O-O
{[%clk 1:01:31]} Bg7 {[%clk 1:02:15]} 5. d3 {[%clk 1:01:34]} d6 {[%clk 1:02:22]}
6. c3 {[%clk 0:59:17]} O-O {[%clk 0:58:19]} 7. Qb3+ {[%clk 0:48:26]} Kh8
{[%clk 0:58:15]} 8. Ng5 {[%clk 0:47:13]} d5 {[%clk 0:57:16]} 9. Nf3
{[%clk 0:31:10]} Nc6 10. Bf4 {[%clk 0:30:33]} Nh5 {[%clk 0:54:16]} 11. d4
{[%clk 0:25:29]} e6 {[%clk 0:47:21]} 12. Bg5 {[%clk 0:22:40]} Qe8
{[%clk 0:46:45]} 13. Nbd2 {[%clk 0:21:22]} h6 {[%clk 0:46:08]} 14. Bf4
{[%clk 0:21:07]} Qe7 {[%clk 0:45:34]} 15. Be5 {[%clk 0:17:08]} g5
{[%clk 0:42:43]} 16. c4 {[%clk 0:14:54]} Rd8 {[%clk 0:31:59]} 17. Rfd1
{[%clk 0:12:31]} Kh7 {[%clk 0:27:38]} 18. e3 {[%clk 0:10:05]} Nf6
{[%clk 0:24:33]} 19. Ne1 {[%clk 0:02:45]} Ne4 {[%clk 0:24:01]} 1/2-1/2

[Event "V4Liptov2018"]
[Site "?"]
[Date "2018.06.24"]
[Round "3.12"]
[White "Laurincova, Kristyna"]
[Black "Korenova, Simona"]
[Result "1-0"]
[BlackElo "1736"]
[WhiteElo "1953"]
[LiveChessVersion "1.4.8"]

1. e4 {[%clk 1:00:58]} c5 {[%clk 1:00:53]} 2. Nf3 {[%clk 1:01:24]} d6
{[%clk 1:01:18]} 3. d4 {[%clk 1:01:49]} cxd4 {[%clk 1:01:42]} 4. Nxd4
{[%clk 1:02:12]} Nf6 {[%clk 1:01:56]} 5. Nc3 {[%clk 1:02:36]} g6 {[%clk 1:02:04]}
6. Be2 {[%clk 1:02:56]} Bg7 {[%clk 1:02:25]} 7. Nb3 {[%clk 1:03:20]} O-O
{[%clk 1:02:24]} 8. g4 {[%clk 1:03:24]} Nc6 {[%clk 1:00:58]} 9. g5
{[%clk 1:03:32]} Nd7 {[%clk 1:00:03]} 10. h4 {[%clk 1:03:19]} Nc5
{[%clk 0:51:33]} 11. f3 {[%clk 1:02:58]} Nxb3 {[%clk 0:49:16]} 12. axb3
{[%clk 1:01:41]} Nd4 {[%clk 0:46:37]} 13. Be3 {[%clk 0:57:05]} Nxe2
{[%clk 0:43:49]} 14. Qxe2 {[%clk 0:57:33]} Bd7 {[%clk 0:39:37]} 15. h5
{[%clk 0:57:35]} Bh8 {[%clk 0:36:44]} 16. Qh2 {[%clk 0:57:22]} Be5
{[%clk 0:29:19]} 17. f4 {[%clk 0:57:27]} Bxc3+ {[%clk 0:29:42]} 18. bxc3
{[%clk 0:57:52]} Bg4 {[%clk 0:24:32]} 19. hxg6 {[%clk 0:57:57]} h5
{[%clk 0:24:33]} 20. gxh6 {[%clk 0:57:53]} fxg6 {[%clk 0:24:18]} 21. h7+
{[%clk 0:53:33]} Kf7 {[%clk 0:23:24]} 22. Bd4 {[%clk 0:53:35]} Bh5
{[%clk 0:22:34]} 23. f5 {[%clk 0:53:14]} e5 {[%clk 0:21:52]} 24. fxe6+
{[%clk 0:49:12]} Kxe6 {[%clk 0:21:37]} 25. Qh3+ {[%clk 0:48:33]} Ke7
{[%clk 0:20:48]} 26. Qh4+ {[%clk 0:45:20]} Kd7 {[%clk 0:20:14]} 27. Qxd8+
{[%clk 0:45:48]} Rfxd8 {[%clk 0:19:28]} 28. h8=Q {[%clk 0:45:04]} Rxh8
{[%clk 0:19:48]} 29. Bxh8 {[%clk 0:45:32]} Rxh8 {[%clk 0:20:05]} 30. Rxa7
{[%clk 0:45:45]} Kc6 {[%clk 0:19:56]} 31. Kd2 {[%clk 0:41:49]} Rf8
{[%clk 0:19:04]} 32. Re1 {[%clk 0:39:06]} Rg8 {[%clk 0:16:34]} 33. Ra5
{[%clk 0:38:39]} b5 {[%clk 0:15:49]} 34. Ra6+ {[%clk 0:37:42]} Kc7
{[%clk 0:15:56]} 35. Ra7+ {[%clk 0:37:49]} Kc6 {[%clk 0:16:05]} 36. Rea1
{[%clk 0:38:13]} Rb8 {[%clk 0:13:26]} 37. Ke3 {[%clk 0:36:17]} d5
{[%clk 0:11:05]} 38. R1a6+ {[%clk 0:36:29]} Rb6 {[%clk 0:11:23]} 39. exd5+
{[%clk 0:36:47]} Kc5 {[%clk 0:11:04]} 40. b4+ {[%clk 0:37:12]} 1-0

[Event "V4Liptov2018"]
[Site "?"]
[Date "2018.06.24"]
[Round "3.13"]
[White "Kulesza, Andrzej"]
[Black "Bango, Lukas"]
[Result "0-1"]
[BlackElo "2130"]
[WhiteElo "1934"]
[LiveChessVersion "1.4.8"]

1. e4 {[%clk 1:00:53]} c5 {[%clk 1:00:57]} 2. Nf3 {[%clk 1:01:12]} d6
{[%clk 1:01:24]} 3. d4 {[%clk 1:01:24]} cxd4 {[%clk 1:01:50]} 4. Nxd4
{[%clk 1:01:39]} Nf6 {[%clk 1:02:14]} 5. Nc3 {[%clk 1:01:29]} g6 {[%clk 1:02:39]}
6. Be3 {[%clk 1:01:27]} Bg7 {[%clk 1:03:05]} 7. f3 {[%clk 1:01:21]} O-O
{[%clk 1:03:28]} 8. Bc4 {[%clk 1:01:08]} Nc6 {[%clk 1:03:52]} 9. Bb3
{[%clk 1:00:48]} Bd7 {[%clk 1:03:13]} 10. Qd2 {[%clk 0:59:53]} Rc8
{[%clk 1:03:38]} 11. h4 {[%clk 0:58:54]} h5 {[%clk 1:04:02]} 12. O-O-O
{[%clk 0:58:35]} Ne5 {[%clk 1:02:58]} 13. g4 {[%clk 0:57:37]} b5 {[%clk 1:00:10]}
14. Nd5 {[%clk 0:54:11]} Nxd5 {[%clk 0:59:07]} 15. exd5 {[%clk 0:54:31]} a5
{[%clk 0:56:50]} 16. a3 {[%clk 0:53:28]} b4 {[%clk 0:51:37]} 17. gxh5
{[%clk 0:47:37]} a4 {[%clk 0:51:59]} 18. Ba2 {[%clk 0:47:49]} b3 {[%clk 0:51:54]}
19. Bb1 {[%clk 0:46:09]} bxc2 {[%clk 0:51:35]} 20. Bxc2 {[%clk 0:46:17]} Nc4
{[%clk 0:50:36]} 21. Qc3 {[%clk 0:45:21]} Nxe3 {[%clk 0:42:20]} 22. Qxe3
{[%clk 0:45:42]} Qb6 {[%clk 0:42:21]} 23. Rd3 {[%clk 0:38:39]} Bf5
{[%clk 0:40:34]} 24. Nxf5 {[%clk 0:33:02]} Qxb2+ {[%clk 0:40:33]} 25. Kd1
{[%clk 0:33:27]} Qxc2+ {[%clk 0:37:02]} 26. Ke1 {[%clk 0:33:50]} gxf5
{[%clk 0:36:58]} 27. Rg1 {[%clk 0:32:12]} Qc1+ {[%clk 0:36:59]} 28. Ke2
{[%clk 0:31:57]} Rc2+ {[%clk 0:37:23]} 29. Rd2 {[%clk 0:31:59]} Rxd2+
{[%clk 0:37:48]} 30. Qxd2 {[%clk 0:32:26]} Qxg1 {[%clk 0:38:12]} 31. Qf4
{[%clk 0:32:23]} Rc8 {[%clk 0:38:29]} 32. Qxf5 {[%clk 0:32:37]} Qg2+
{[%clk 0:38:52]} 33. Kd1 {[%clk 0:31:53]} Qf1+ {[%clk 0:39:09]} 34. Kd2
{[%clk 0:32:09]} Qc1+ {[%clk 0:39:22]} 35. Ke2 {[%clk 0:32:29]} Rc2+
{[%clk 0:39:48]} 36. Kd3 {[%clk 0:32:34]} Qd2+ {[%clk 0:40:14]} 37. Ke4
{[%clk 0:32:58]} Rc4# {[%clk 0:40:40]} 0-1

[Event "V4Liptov2018"]
[Site "?"]
[Date "2018.06.24"]
[Round "3.14"]
[White "Slaba, Andrea"]
[Black "Paprocki, Stanislaw"]
[Result "1/2-1/2"]
[BlackElo "1864"]
[WhiteElo "1936"]
[LiveChessVersion "1.4.8"]

1. Nf3 {[%clk 1:00:59]} Nf6 {[%clk 1:00:59]} 2. g3 {[%clk 1:01:15]} g6
{[%clk 1:01:21]} 3. Bg2 {[%clk 1:01:40]} Bg7 {[%clk 1:01:45]} 4. O-O
{[%clk 1:02:02]} O-O {[%clk 1:02:02]} 5. c4 {[%clk 1:01:31]} c5 {[%clk 1:01:38]}
6. d4 {[%clk 1:00:55]} cxd4 {[%clk 1:00:33]} 7. Nxd4 {[%clk 1:01:19]} Nc6
{[%clk 1:00:30]} 8. e3 {[%clk 1:01:02]} a6 {[%clk 0:59:45]} 9. Nc3
{[%clk 1:00:48]} Qc7 {[%clk 0:57:32]} 10. b3 {[%clk 0:59:37]} d6 {[%clk 0:56:17]}
11. Bb2 {[%clk 0:59:56]} Nxd4 {[%clk 0:55:41]} 12. exd4 {[%clk 1:00:08]} Bf5
{[%clk 0:55:47]} 13. Re1 {[%clk 0:56:45]} Rfe8 {[%clk 0:54:02]} 14. h3
{[%clk 0:55:36]} h5 {[%clk 0:53:53]} 15. a4 {[%clk 0:49:31]} Rad8
{[%clk 0:52:29]} 16. Kh2 {[%clk 0:42:46]} e5 {[%clk 0:48:58]} 17. d5
{[%clk 0:42:19]} Qb6 {[%clk 0:47:17]} 18. Re2 {[%clk 0:40:05]} g5
{[%clk 0:45:04]} 19. a5 {[%clk 0:38:46]} Qc7 {[%clk 0:42:51]} 20. Qd2
{[%clk 0:36:54]} Nh7 {[%clk 0:42:48]} 21. Ne4 {[%clk 0:36:09]} Qe7
{[%clk 0:40:39]} 22. Ba3 {[%clk 0:35:50]} Bg6 {[%clk 0:40:23]} 23. Bc1
{[%clk 0:31:22]} g4 {[%clk 0:38:18]} 24. h4 {[%clk 0:30:46]} f5 {[%clk 0:38:27]}
25. Ng5 {[%clk 0:30:26]} Nxg5 {[%clk 0:38:22]} 26. Qxg5 {[%clk 0:30:51]} Qxg5
{[%clk 0:36:20]} 27. Bxg5 {[%clk 0:31:19]} Rd7 {[%clk 0:36:26]} 28. Rc1
{[%clk 0:30:59]} Rf8 {[%clk 0:36:15]} 29. b4 {[%clk 0:28:22]} f4 {[%clk 0:36:13]}
30. gxf4 {[%clk 0:25:53]} exf4 {[%clk 0:36:28]} 31. Re7 {[%clk 0:25:38]} g3+
{[%clk 0:32:44]} 1/2-1/2

[Event "V4Liptov2018"]
[Site "?"]
[Date "2018.06.24"]
[Round "3.15"]
[White "Paprocki, Antoni"]
[Black "Bango, Dominik"]
[Result "1/2-1/2"]
[BlackElo "1861"]
[WhiteElo "1804"]
[LiveChessVersion "1.4.8"]

1. e4 {[%clk 1:00:58]} e5 {[%clk 1:00:50]} 2. Nf3 {[%clk 1:01:17]} Nc6
{[%clk 1:01:14]} 3. Bc4 {[%clk 1:01:42]} Bc5 {[%clk 1:00:51]} 4. d3
{[%clk 1:01:44]} h6 {[%clk 1:01:09]} 5. c3 {[%clk 1:01:14]} d6 {[%clk 0:59:30]}
6. Bb3 {[%clk 1:01:11]} Be6 {[%clk 0:59:01]} 7. Bc2 {[%clk 1:01:06]} Nf6
{[%clk 0:59:18]} 8. O-O {[%clk 1:01:21]} Bg4 {[%clk 0:59:04]} 9. Nbd2
{[%clk 1:00:29]} O-O {[%clk 0:58:58]} 10. Re1 {[%clk 1:00:13]} Re8
{[%clk 0:59:09]} 11. Nf1 {[%clk 0:59:50]} d5 {[%clk 0:56:41]} 12. exd5
{[%clk 0:53:04]} Nxd5 {[%clk 0:55:32]} 13. h3 {[%clk 0:51:54]} Bh5
{[%clk 0:55:09]} 14. Ng3 {[%clk 0:52:13]} Bg6 {[%clk 0:55:33]} 15. Ne4
{[%clk 0:50:25]} Bb6 {[%clk 0:54:37]} 16. a3 {[%clk 0:45:53]} Nf6
{[%clk 0:54:28]} 17. Qe2 {[%clk 0:39:06]} Qe7 {[%clk 0:50:24]} 18. b4
{[%clk 0:30:45]} Nxe4 {[%clk 0:45:50]} 19. dxe4 {[%clk 0:31:09]} Rad8
{[%clk 0:45:44]} 20. Be3 {[%clk 0:29:36]} Nb8 {[%clk 0:39:23]} 21. Red1
{[%clk 0:25:13]} Nd7 {[%clk 0:38:12]} 22. Rd5 {[%clk 0:20:47]} c6
{[%clk 0:37:04]} 23. Bxb6 {[%clk 0:20:18]} axb6 {[%clk 0:36:40]} 24. Rd2
{[%clk 0:20:06]} Nf8 {[%clk 0:33:11]} 25. Rad1 {[%clk 0:19:50]} Rd7
{[%clk 0:28:19]} 26. Rxd7 {[%clk 0:19:10]} Nxd7 {[%clk 0:28:44]} 27. a4
{[%clk 0:13:08]} Nf6 {[%clk 0:27:27]} 28. Qe3 {[%clk 0:12:48]} Qc7
{[%clk 0:27:19]} 29. Nh4 {[%clk 0:08:57]} 1/2-1/2

[Event "V4Liptov2018"]
[Site "?"]
[Date "2018.06.24"]
[Round "3.16"]
[White "Kramar, Matus"]
[Black "Pudelko, Magdalena"]
[Result "1-0"]
[BlackElo "1251"]
[WhiteElo "1680"]
[LiveChessVersion "1.4.8"]

1. e4 {[%clk 1:00:57]} c5 {[%clk 1:00:59]} 2. Nf3 {[%clk 1:01:13]} d6
{[%clk 1:01:10]} 3. c3 {[%clk 1:01:05]} Nc6 {[%clk 1:01:25]} 4. Be2
{[%clk 1:00:18]} Nf6 {[%clk 1:01:25]} 5. d4 {[%clk 0:59:12]} Nxe4
{[%clk 0:59:45]} 6. d5 Nb8 {[%clk 0:59:07]} 7. Qa4+ {[%clk 0:59:10]} Nd7
{[%clk 0:58:33]} 8. Qxe4 {[%clk 0:59:16]} Nf6 {[%clk 0:58:09]} 9. Qd3
{[%clk 0:56:14]} e6 {[%clk 0:57:54]} 10. dxe6 {[%clk 0:53:34]} Bxe6
{[%clk 0:57:49]} 11. O-O {[%clk 0:48:49]} Be7 {[%clk 0:57:11]} 12. c4
{[%clk 0:43:19]} O-O {[%clk 0:56:37]} 13. Nc3 {[%clk 0:43:00]} Re8
{[%clk 0:55:44]} 14. Ng5 {[%clk 0:34:40]} Bd7 {[%clk 0:55:34]} 15. Nge4
{[%clk 0:31:12]} Qc7 {[%clk 0:53:51]} 16. Nxf6+ {[%clk 0:24:23]} Bxf6
{[%clk 0:54:11]} 17. Be3 {[%clk 0:23:48]} Rad8 {[%clk 0:52:22]} 18. Nd5 Qc6
{[%clk 0:52:03]} 19. Nxf6+ {[%clk 0:21:29]} gxf6 {[%clk 0:52:27]} 20. Bh6
{[%clk 0:16:32]} Qe4 {[%clk 0:52:47]} 21. Qg3+ {[%clk 0:16:23]} Qg6
{[%clk 0:53:03]} 22. Qxg6+ {[%clk 0:16:38]} fxg6 {[%clk 0:53:29]} 23. Be3
{[%clk 0:16:36]} f5 {[%clk 0:53:21]} 24. Bf3 {[%clk 0:16:28]} b6 {[%clk 0:53:41]}
25. Rad1 {[%clk 0:15:37]} Be6 {[%clk 0:53:45]} 26. b3 {[%clk 0:15:04]} Kg7
{[%clk 0:52:54]} 27. Bc6 {[%clk 0:14:44]} Rf8 {[%clk 0:53:06]} 28. Bg5
{[%clk 0:13:13]} Rc8 {[%clk 0:53:14]} 29. Rxd6 {[%clk 0:12:58]} Bf7
{[%clk 0:53:37]} 30. Rfd1 {[%clk 0:12:09]} h6 {[%clk 0:53:14]} 31. Bf4
{[%clk 0:11:56]} Be8 {[%clk 0:51:32]} 32. Be5+ {[%clk 0:09:36]} Kg8
{[%clk 0:51:30]} 33. Bd5+ {[%clk 0:08:33]} Bf7 {[%clk 0:51:29]} 34. Rxg6+
{[%clk 0:08:31]} Kh7 {[%clk 0:51:26]} 35. Rg7+ {[%clk 0:08:54]} Kh8
{[%clk 0:51:45]} 36. Rxf7+ {[%clk 0:09:09]} Kg8 {[%clk 0:52:10]} 37. Rd7+
{[%clk 0:09:12]} Rf7 {[%clk 0:52:34]} 38. Rxf7 {[%clk 0:09:29]} a5
{[%clk 0:52:31]} 39. Rc7+ {[%clk 0:09:21]} Kf8 {[%clk 0:52:46]} 40. Rxc8+ Ke7
{[%clk 0:53:13]} 41. Rc6 {[%clk 0:09:28]} a4 {[%clk 0:53:31]} 42. Be6
{[%clk 0:09:40]} axb3 {[%clk 0:53:35]} 43. Rd7+ {[%clk 0:09:58]} Ke8
{[%clk 0:54:00]} 44. Rc8# 1-0

[Event "V4Liptov2018"]
[Site "?"]
[Date "2018.06.24"]
[Round "3.17"]
[White "Sosovicka, Jakub"]
[Black "Sankova, Stella"]
[Result "1/2-1/2"]
[BlackElo "2102"]
[WhiteElo "2078"]
[LiveChessVersion "1.4.8"]

1. e4 {[%clk 1:00:57]} c5 {[%clk 1:00:56]} 2. Nf3 {[%clk 1:01:22]} d6
{[%clk 1:01:23]} 3. d4 {[%clk 1:01:35]} cxd4 {[%clk 1:01:48]} 4. Nxd4
{[%clk 1:01:57]} Nf6 {[%clk 1:02:14]} 5. Nc3 {[%clk 1:02:19]} a6 {[%clk 1:02:41]}
6. Nb3 {[%clk 1:02:20]} g6 {[%clk 1:03:06]} 7. Be2 {[%clk 1:00:27]} Bg7
{[%clk 1:03:32]} 8. g4 {[%clk 0:58:14]} Nc6 {[%clk 1:02:10]} 9. Be3
{[%clk 0:55:24]} b5 {[%clk 0:59:29]} 10. f3 {[%clk 0:53:25]} Bb7 {[%clk 0:53:45]}
11. Qd2 {[%clk 0:52:03]} Rc8 {[%clk 0:51:09]} 12. O-O-O {[%clk 0:50:27]} Ne5
{[%clk 0:40:55]} 13. h4 {[%clk 0:48:23]} b4 {[%clk 0:35:21]} 14. Nd5
{[%clk 0:44:53]} Nxd5 {[%clk 0:35:18]} 15. exd5 {[%clk 0:45:17]} Qc7
{[%clk 0:32:51]} 16. f4 {[%clk 0:25:23]} Nc4 {[%clk 0:31:58]} 17. Bxc4
{[%clk 0:25:46]} Qxc4 {[%clk 0:32:25]} 18. Rh2 {[%clk 0:25:10]} O-O
{[%clk 0:25:35]} 19. h5 {[%clk 0:23:11]} a5 {[%clk 0:23:28]} 20. Kb1
{[%clk 0:22:13]} a4 {[%clk 0:20:35]} 21. Na5 {[%clk 0:21:39]} Qb5
{[%clk 0:20:54]} 22. Nxb7 {[%clk 0:21:47]} Qxb7 {[%clk 0:21:23]} 23. hxg6
{[%clk 0:18:52]} hxg6 {[%clk 0:21:48]} 24. Rdh1 {[%clk 0:13:24]} b3
{[%clk 0:19:33]} 25. Bd4 {[%clk 0:13:05]} f6 {[%clk 0:17:20]} 26. Qd3
{[%clk 0:05:16]} bxc2+ {[%clk 0:13:58]} 27. Kc1 {[%clk 0:05:10]} Kf7
{[%clk 0:13:38]} 28. Qe4 {[%clk 0:03:49]} Qd7 {[%clk 0:13:10]} 29. Rh7
{[%clk 0:02:49]} Rh8 {[%clk 0:08:14]} 30. f5 {[%clk 0:02:42]} gxf5
{[%clk 0:08:40]} 31. gxf5 {[%clk 0:02:23]} Rxh7 {[%clk 0:05:58]} 32. Rxh7
{[%clk 0:02:47]} Kg8 {[%clk 0:03:46]} 33. Rxg7+ {[%clk 0:02:10]} 1/2-1/2

[Event "V4Liptov2018"]
[Site "?"]
[Date "2018.06.24"]
[Round "3.18"]
[White "Bielik, Jakub"]
[Black "Krupa, Miroslav"]
[Result "1/2-1/2"]
[BlackElo "2037"]
[WhiteElo "1975"]
[LiveChessVersion "1.4.8"]

1. e4 {[%clk 1:00:47]} c5 {[%clk 1:00:51]} 2. Nf3 {[%clk 1:01:13]} d6
{[%clk 1:01:18]} 3. Bb5+ {[%clk 1:01:28]} Nd7 {[%clk 1:01:43]} 4. d4
{[%clk 1:01:42]} cxd4 {[%clk 1:02:09]} 5. Qxd4 {[%clk 1:02:08]} a6
{[%clk 1:02:35]} 6. Bxd7+ {[%clk 1:02:04]} Bxd7 {[%clk 1:03:00]} 7. c4
{[%clk 1:02:01]} Rc8 {[%clk 1:02:48]} 8. O-O {[%clk 1:00:10]} e5 {[%clk 1:02:43]}
9. Qd3 {[%clk 0:58:02]} b5 {[%clk 1:02:54]} 10. b3 {[%clk 0:58:20]} bxc4
{[%clk 0:56:00]} 11. bxc4 {[%clk 0:58:19]} Qc7 {[%clk 0:56:23]} 12. Nbd2
{[%clk 0:51:24]} Nf6 {[%clk 0:55:28]} 13. Ba3 {[%clk 0:50:04]} Be7
{[%clk 0:55:04]} 14. Rab1 {[%clk 0:48:29]} O-O {[%clk 0:40:46]} 15. Nxe5
{[%clk 0:39:54]} Be6 {[%clk 0:40:39]} 16. Nef3 {[%clk 0:40:07]} Bxc4
{[%clk 0:40:07]} 17. Nxc4 {[%clk 0:40:26]} Qxc4 {[%clk 0:40:31]} 18. Qxc4
{[%clk 0:40:53]} Rxc4 {[%clk 0:40:57]} 19. e5 {[%clk 0:38:35]} Ne4
{[%clk 0:41:16]} 20. exd6 {[%clk 0:32:10]} Bxd6 {[%clk 0:37:57]} 21. Bxd6
{[%clk 0:32:21]} Nxd6 {[%clk 0:38:19]} 22. Rb6 {[%clk 0:32:36]} Ne4
{[%clk 0:38:21]} 23. Rxa6 {[%clk 0:32:24]} Rfc8 {[%clk 0:38:06]} 24. Ne5
{[%clk 0:20:37]} Rc2 {[%clk 0:36:36]} 25. g3 {[%clk 0:18:06]} f6 {[%clk 0:30:48]}
26. Nd3 {[%clk 0:16:52]} Rd8 {[%clk 0:26:54]} 27. Nf4 {[%clk 0:08:54]} f5
{[%clk 0:12:26]} 28. h4 {[%clk 0:05:43]} Rdd2 {[%clk 0:10:10]} 29. Ra8+
{[%clk 0:04:24]} Kf7 {[%clk 0:10:19]} 30. Ra7+ {[%clk 0:03:38]} Kg8
{[%clk 0:05:14]} 31. Rb1 {[%clk 0:02:41]} Rb2 {[%clk 0:02:54]} 32. Rxb2
{[%clk 0:01:55]} Rxb2 {[%clk 0:03:17]} 33. Nh3 {[%clk 0:02:15]} Nc3
{[%clk 0:01:41]} 34. a3 {[%clk 0:01:49]} Ra2 {[%clk 0:01:52]} 35. Ng5
{[%clk 0:01:48]} g6 {[%clk 0:01:21]} 36. Kg2 {[%clk 0:01:02]} Nb5
{[%clk 0:00:47]} 37. Ra8+ {[%clk 0:01:25]} Kg7 {[%clk 0:01:03]} 38. a4
{[%clk 0:01:49]} h6 {[%clk 0:01:06]} 39. Nf3 {[%clk 0:01:50]} Nc3
{[%clk 0:01:18]} 40. Ra7+ {[%clk 0:01:20]} Kg8 {[%clk 0:00:51]} 41. Ra8+
{[%clk 0:01:02]} 1/2-1/2

[Event "V4Liptov2018"]
[Site "?"]
[Date "2018.06.24"]
[Round "3.19"]
[White "Ocko, Dominik"]
[Black "Zahorcek, Jakub"]
[Result "1-0"]
[BlackElo "1579"]
[WhiteElo "1971"]
[LiveChessVersion "1.4.8"]

1. d4 {[%clk 1:00:57]} Nf6 {[%clk 1:00:44]} 2. Bf4 {[%clk 1:01:19]} e6
{[%clk 1:00:39]} 3. e3 {[%clk 1:01:38]} d5 {[%clk 1:01:00]} 4. Nd2
{[%clk 1:01:21]} c5 {[%clk 1:00:47]} 5. c3 {[%clk 1:01:21]} Nc6 {[%clk 1:00:28]}
6. Ngf3 {[%clk 1:01:13]} Be7 {[%clk 0:58:14]} 7. h3 {[%clk 1:00:36]} O-O
{[%clk 0:58:03]} 8. Bd3 {[%clk 0:59:29]} Qb6 {[%clk 0:57:26]} 9. Qb1
{[%clk 0:57:45]} h6 {[%clk 0:55:32]} 10. a3 {[%clk 0:54:12]} a5 {[%clk 0:54:43]}
11. Ne5 {[%clk 0:49:05]} Nxe5 {[%clk 0:52:01]} 12. Bxe5 {[%clk 0:49:05]} Bd7
{[%clk 0:51:04]} 13. O-O {[%clk 0:45:46]} Bb5 {[%clk 0:49:24]} 14. c4
{[%clk 0:43:38]} dxc4 {[%clk 0:43:09]} 15. Bxc4 {[%clk 0:43:54]} Rac8
{[%clk 0:41:48]} 16. Qd3 {[%clk 0:40:30]} Bxc4 {[%clk 0:40:13]} 17. Nxc4
{[%clk 0:40:44]} Qa6 {[%clk 0:37:46]} 18. b3 {[%clk 0:37:30]} Rfd8
{[%clk 0:37:19]} 19. a4 {[%clk 0:35:53]} Nd5 {[%clk 0:30:40]} 20. Rfd1
{[%clk 0:31:16]} Nb4 {[%clk 0:30:13]} 21. Qe4 {[%clk 0:30:31]} f6
{[%clk 0:27:50]} 22. Bf4 {[%clk 0:29:52]} cxd4 {[%clk 0:28:05]} 23. exd4
{[%clk 0:27:32]} Nd5 {[%clk 0:24:55]} 24. Bd2 {[%clk 0:25:04]} Bb4
{[%clk 0:24:07]} 25. Bxb4 {[%clk 0:21:19]} Nxb4 {[%clk 0:20:39]} 26. Re1
{[%clk 0:19:39]} Re8 {[%clk 0:19:20]} 27. Rac1 {[%clk 0:16:16]} Kf7
{[%clk 0:18:58]} 28. Rc3 {[%clk 0:15:38]} b5 {[%clk 0:13:22]} 29. axb5
{[%clk 0:15:47]} 1-0